Statistics for US Presidents by Foreign Statue

Click here to take the quiz!

General Stats

  • This quiz has been taken 61 times
  • The average score is 13 of 16

Answer Stats

Answer% Correct
Bill Clinton
96%
John F. Kennedy
95%
Ronald Reagan
93%
Barack Obama
91%
Dwight D. Eisenhower
86%
George H. W. Bush
84%
George Washington
82%
Richard Nixon
82%
Thomas Jefferson
77%
George W. Bush
75%
Franklin D. Roosevelt
73%
Abraham Lincoln
71%
Woodrow Wilson
70%
Harry Truman
64%
John Adams
61%
Rutherford B. Hayes
55%

Score Distribution

Percentile by Number Answered

Percent of People with Each Score

Your Score History

You have not taken this quiz